01008cam a22002651 450000100060000000300080000600500170001400800410003103500190007203500190009104000320011004100130014208200230015510000410017824500850021926000540030430000240035850400190038265000400040165000630044165100570050494200120056199900170057395201520059025000BD-RjUL20211209050821.0140316s1948 enk 001 0 eng d a(BD-RjUL)25069 a(OCoLC)1369527 aDLCcCtUdDLCdBD-RjULbeng1 aenghita00a940.5345bBAI 19481 aBadoglio, Pietro,d1871-1956.97689600aItaly in the Second World War :bmemories and documents /cTr. by Muriel Currey. aLondon ;aNew York :bOxford Univ. Press,c1948. ax, 234 p. ;c19 cm. aIncludes Index 0aWorld War, 1939-1945zItaly.976897 0aWorld War, 1939-1945vPersonal narratives, Italian.976898 0aItalyxHistoryyAllied occupation, 1943-1947.976899 2ddccBK c25000d25000 00102ddc40728NFICaRUCLbRUCLcReadingd1961-08-26eAnwar Iqbal Karachig716.00l0o940.5345 BAI 1948r2014-03-16 00:00:00tC-1w2021-12-09yBK